[Event "37. International Bosna 2007 - GMB"]
[Site "Sarajevo BIH"]
[Date "2007.05.19"]
[Round "1.1"]
[White "Jakovljevic, Vlado"]
[Black "Tomic, Bosko"]
[Result "0-1"]
[WhiteElo "2419"]
[BlackElo "2393"]
[PlyCount "96"]
[EventDate "2007.05.19"]
[EventType "tourn"]
[EventRounds "9"]
[EventCountry "BIH"]
[EventCategory "9"]
[Source "lmi"]
[SourceDate "2007.05.18"]

1. Nf3 Nf6 2. c4 g6 3. d4 Bg7 4. g3 O-O 5. Bg2 d6 6. Nc3 Nc6 7. O-O Bf5 8. Ne1
Qc8 9. e4 Bh3 10. Nc2 e5 11. f3 Bxg2 12. Kxg2 exd4 13. Nb5 Ne5 14. Qxd4 Nfd7
15. f4 Nc6 16. Qd5 Re8 17. Re1 a6 18. Nc3 Bxc3 19. bxc3 Nf6 20. Qd3 Qe6 21. Nb4
Nxb4 22. cxb4 Nxe4 23. Bb2 Qf5 24. Re3 Re6 25. Rae1 Rae8 26. Qd4 f6 27. Qd5 c6
28. Qd4 Kf7 29. a4 h5 30. h3 d5 31. b5 axb5 32. axb5 dxc4 33. bxc6 bxc6 34.
Qxc4 Nd6 35. Rxe6 Rxe6 36. Qxe6+ Qxe6 37. Rxe6 Kxe6 38. Kf3 f5 39. g4 hxg4+ 40.
hxg4 Kd5 41. gxf5 gxf5 42. Bg7 Kc4 43. Ke3 Nc8 44. Kd2 Ne7 45. Bf6 Nd5 46. Be5
c5 47. Kc2 Nb4+ 48. Kd2 Kb3 0-1

[Event "37. International Bosna 2007 - GMB"]
[Site "Sarajevo BIH"]
[Date "2007.05.19"]
[Round "1.3"]
[White "Drasko, Milan"]
[Black "Vukic, Milan"]
[Result "1/2-1/2"]
[WhiteElo "2543"]
[BlackElo "2505"]
[PlyCount "29"]
[EventDate "2007.05.19"]
[EventType "tourn"]
[EventRounds "9"]
[EventCountry "BIH"]
[EventCategory "9"]
[Source "lmi"]
[SourceDate "2007.05.18"]

1. d4 Nf6 2. c4 g6 3. Nf3 Bg7 4. g3 d6 5. Bg2 O-O 6. O-O c6 7. Nc3 Qa5 8. e4
Bg4 9. h3 Bxf3 10. Bxf3 e5 11. d5 cxd5 12. cxd5 Nbd7 13. Bd2 Rfc8 14. Qe2 a6
15. Rfc1 1/2-1/2

[Event "37. International Bosna 2007 - GMB"]
[Site "Sarajevo BIH"]
[Date "2007.05.19"]
[Round "1.5"]
[White "Trkulja, Goran"]
[Black "Zugic, Igor"]
[Result "1/2-1/2"]
[WhiteElo "2317"]
[BlackElo "2481"]
[PlyCount "85"]
[EventDate "2007.05.19"]
[EventType "tourn"]
[EventRounds "9"]
[EventCountry "BIH"]
[EventCategory "9"]
[Source "lmi"]
[SourceDate "2007.05.18"]

1. d4 Nf6 2. Nf3 g6 3. g3 Bg7 4. Bg2 O-O 5. O-O d5 6. c4 dxc4 7. Na3 Nc6 8.
Nxc4 Be6 9. Nce5 Bd5 10. Bh3 Ne4 11. Nxc6 Bxc6 12. Ne5 Bd5 13. f3 Nd6 14. e4
Bc4 15. Re1 c5 16. Qc2 b5 17. Nxc4 Nxc4 18. d5 Ne5 19. Qd1 c4 20. Bf1 Qa5 21.
Kg2 Rfd8 22. Bd2 Qb6 23. Be3 Qb7 24. a4 e6 25. f4 Nd3 26. Bxd3 cxd3 27. Qxd3
bxa4 28. Bd4 Bxd4 29. Qxd4 exd5 30. e5 Rac8 31. Rxa4 Rc4 32. Rxc4 dxc4+ 33. Qe4
Qxb2+ 34. Kh3 Qd4 35. Qxd4 Rxd4 36. Rc1 a5 37. Kg4 a4 38. Rc3 Rd2 39. Rxc4 a3
40. Ra4 a2 41. h4 h5+ 42. Kf3 Kf8 43. Ra7 1/2-1/2

[Event "37. International Bosna 2007 - GMB"]
[Site "Sarajevo BIH"]
[Date "2007.05.20"]
[Round "2.2"]
[White "Runic, Zoran"]
[Black "Trkulja, Goran"]
[Result "1-0"]
[WhiteElo "2414"]
[BlackElo "2317"]
[PlyCount "93"]
[EventDate "2007.05.19"]
[EventType "tourn"]
[EventRounds "9"]
[EventCountry "BIH"]
[EventCategory "9"]
[Source "lmi"]
[SourceDate "2007.05.18"]

1. e4 e6 2. d4 d5 3. e5 c5 4. c3 Nc6 5. Nf3 Qb6 6. Be2 cxd4 7. cxd4 Nh6 8. Nc3
Nf5 9. Na4 Qa5+ 10. Bd2 Bb4 11. Bc3 Bd7 12. a3 Bxc3+ 13. Nxc3 O-O 14. O-O f6
15. exf6 Rxf6 16. b4 Qd8 17. Qd2 Be8 18. h3 Rh6 19. b5 Nce7 20. Bd3 Nh4 21. Ne5
Bg6 22. Be2 Nhf5 23. Na4 b6 24. Rac1 Nd6 25. Nc3 Qf8 26. f4 Ne4 27. Nxe4 Bxe4
28. Rc3 Nf5 29. g4 Nd6 30. Kh2 Rd8 31. Rc7 Rc8 32. Rxc8 Qxc8 33. Rc1 Qf8 34. g5
Rh4 35. Bg4 h5 36. Bxe6+ Kh7 37. Rf1 Bf5 38. Bxf5+ Qxf5 39. Qd3 Ne4 40. g6+ Kh6
41. Qe3 Nf6 42. Qg3 Ng4+ 43. Nxg4+ Qxg4 44. Qd3 Qe6 45. Kg2 Qf6 46. Qg3 Qd8 47.
Re1 1-0

[Event "37. International Bosna 2007 - GMB"]
[Site "Sarajevo BIH"]
[Date "2007.05.20"]
[Round "2.3"]
[White "Vukic, Milan"]
[Black "Atalik, Suat"]
[Result "1/2-1/2"]
[WhiteElo "2505"]
[BlackElo "2584"]
[PlyCount "50"]
[EventDate "2007.05.19"]
[EventType "tourn"]
[EventRounds "9"]
[EventCountry "BIH"]
[EventCategory "9"]
[Source "lmi"]
[SourceDate "2007.05.18"]

1. Nf3 Nf6 2. g3 g6 3. Bg2 Bg7 4. O-O O-O 5. d4 d6 6. c4 c5 7. Nc3 Nc6 8. d5
Na5 9. Nd2 e5 10. e4 Ng4 11. h3 Nh6 12. b3 f5 13. exf5 gxf5 14. Bb2 Bd7 15. Qc2
Qc7 16. Rae1 Rae8 17. Nd1 Bc8 18. Bc3 b6 19. f4 e4 20. Qb2 Re7 21. Rf2 Bxc3 22.
Qxc3 Rg7 23. Bf1 Nf7 24. Be2 Nh8 25. Kh2 Ng6 1/2-1/2

[Event "37. International Bosna 2007 - GMB"]
[Site "Sarajevo BIH"]
[Date "2007.05.20"]
[Round "2.4"]
[White "Stojanovic, Dalibor"]
[Black "Drasko, Milan"]
[Result "1/2-1/2"]
[WhiteElo "2473"]
[BlackElo "2543"]
[PlyCount "115"]
[EventDate "2007.05.19"]
[EventType "tourn"]
[EventRounds "9"]
[EventCountry "BIH"]
[EventCategory "9"]
[Source "lmi"]
[SourceDate "2007.05.18"]

1. e4 e6 2. d4 d5 3. Nc3 Bb4 4. e5 Ne7 5. a3 Bxc3+ 6. bxc3 c5 7. Qg4 O-O 8. Bd3
f5 9. exf6 Rxf6 10. Bg5 Rf7 11. Qh5 g6 12. Qd1 Nbc6 13. Nf3 Qf8 14. O-O c4 15.
Be2 h6 16. Bc1 Bd7 17. a4 b6 18. Qd2 Kh7 19. Ba3 Qb8 20. a5 bxa5 21. Ne5 Nxe5
22. dxe5 Qxe5 23. Bxc4 Rc8 24. Bd3 Qxc3 25. Qe3 e5 26. Ba6 Nf5 27. Qxc3 Rxc3
28. Bb2 Rc6 29. Bb5 Rxc2 30. Bxd7 Rxd7 31. Bxe5 Rc5 32. Rfc1 Rxc1+ 33. Rxc1 d4
34. Kf1 d3 35. Ra1 Nd4 36. Bxd4 Rxd4 37. Ke1 d2+ 38. Kd1 a4 39. Rb1 g5 40. Rb7+
Kg6 41. Rxa7 Kf5 42. Ra6 Ke4 43. Rxh6 a3 44. Ra6 Rd3 45. Ra4+ Kd5 46. f4 gxf4
47. h4 Kc5 48. h5 Kb5 49. Ra8 Kb4 50. h6 Rd7 51. Rb8+ Kc3 52. Rc8+ Kb2 53. Rb8+
Ka1 54. Rb3 Ka2 55. Rb4 Rh7 56. Rb6 Rd7 57. Rb4 Rh7 58. Rb6 1/2-1/2

[Event "37. International Bosna 2007 - GMB"]
[Site "Sarajevo BIH"]
[Date "2007.05.20"]
[Round "2.5"]
[White "Jakovljevic, Vlado"]
[Black "Ljubicic, Filip"]
[Result "1-0"]
[WhiteElo "2419"]
[BlackElo "2396"]
[PlyCount "112"]
[EventDate "2007.05.19"]
[EventType "tourn"]
[EventRounds "9"]
[EventCountry "BIH"]
[EventCategory "9"]
[Source "lmi"]
[SourceDate "2007.05.18"]

1. Nf3 Nf6 2. c4 g6 3. d4 Bg7 4. g3 O-O 5. Bg2 d6 6. Nc3 Nbd7 7. O-O e5 8. e4
c6 9. b3 exd4 10. Nxd4 Re8 11. h3 a6 12. Be3 Nc5 13. Qc2 Qe7 14. Rfe1 Bd7 15.
f3 Nh5 16. Kh2 b5 17. Rad1 b4 18. Nb1 a5 19. Qd2 a4 20. Qxb4 Reb8 21. Qd2 axb3
22. Nxb3 Nxb3 23. axb3 Rxb3 24. c5 d5 25. exd5 Rb2 26. Qc1 Raa2 27. Rd2 Qf6 28.
d6 Qf5 29. Rxb2 Rxb2 30. Nd2 Be5 31. f4 Nxf4 32. Bxf4 Rc2 33. Rxe5 Rxc1 34.
Rxf5 gxf5 35. Be3 Rc3 36. Bf2 Rc2 37. Be3 Rc3 38. Bd4 Rd3 39. Nf3 Be6 40. Bf2
Kf8 41. Nd4 Rd2 42. Be3 Ra2 43. Kh1 Ra1+ 44. Bg1 Ra6 45. Nxc6 Ke8 46. Nb8 Ra1
47. c6 Rd1 48. d7+ Kd8 49. Kh2 Rb1 50. Na6 Bxd7 51. cxd7 Kxd7 52. Nc5+ Kd6 53.
Nd3 Rd1 54. Nf4 Ke5 55. Be3 Ra1 56. Nd3+ Ke6 1-0

[Event "37. International Bosna 2007 - GMB"]
[Site "Sarajevo BIH"]
[Date "2007.05.21"]
[Round "3.1"]
[White "Ljubicic, Filip"]
[Black "Tomic, Bosko"]
[Result "1-0"]
[WhiteElo "2396"]
[BlackElo "2393"]
[PlyCount "67"]
[EventDate "2007.05.19"]
[EventType "tourn"]
[EventRounds "9"]
[EventCountry "BIH"]
[EventCategory "9"]
[Source "lmi"]
[SourceDate "2007.05.18"]

1. e4 c5 2. c3 e6 3. Nf3 d5 4. exd5 Qxd5 5. d4 cxd4 6. cxd4 Nf6 7. Nc3 Qd8 8.
Bd3 Be7 9. O-O a6 10. Bf4 Nc6 11. a3 O-O 12. Rc1 b6 13. Qe2 Nxd4 14. Nxd4 Qxd4
15. Be5 Qh4 16. g3 Qh3 17. Bxf6 Bxf6 18. Ne4 Bb7 19. Nxf6+ gxf6 20. Be4 Bxe4
21. Qxe4 Rad8 22. Rc6 Rd5 23. Rxb6 Rfd8 24. Rb4 f5 25. Qe2 Rd2 26. Qxa6 Qh5 27.
Kg2 R2d3 28. Qc6 R8d5 29. Qe8+ Kg7 30. Rb8 Qf3+ 31. Kg1 Kf6 32. Qh8+ Ke7 33.
Qf8+ Kf6 34. Qh6+ 1-0

[Event "37. International Bosna 2007 - GMB"]
[Site "Sarajevo BIH"]
[Date "2007.05.21"]
[Round "3.2"]
[White "Drasko, Milan"]
[Black "Jakovljevic, Vlado"]
[Result "1/2-1/2"]
[WhiteElo "2543"]
[BlackElo "2419"]
[PlyCount "115"]
[EventDate "2007.05.19"]
[EventType "tourn"]
[EventRounds "9"]
[EventCountry "BIH"]
[EventCategory "9"]
[Source "lmi"]
[SourceDate "2007.05.18"]

1. d4 Nf6 2. c4 g6 3. Nf3 Bg7 4. g3 O-O 5. Bg2 d5 6. O-O dxc4 7. Na3 c3 8. bxc3
c5 9. e3 Nc6 10. Bb2 Bf5 11. Nd2 cxd4 12. cxd4 Qd7 13. Nb3 Bh3 14. Nc5 Qc8 15.
Rc1 Bxg2 16. Kxg2 b6 17. Nd3 Qd7 18. Nc4 Rfc8 19. Qb3 Ne4 20. Rc2 Nd6 21. Nxd6
exd6 22. Qb5 Qb7 23. Qd5 Qd7 24. Rfc1 Ne7 25. Rxc8+ Rxc8 26. Rxc8+ Nxc8 27. Ba3
Bf8 28. h4 Qe6 29. Nf4 Qxd5+ 30. Nxd5 f5 31. Kf3 Kf7 32. e4 fxe4+ 33. Kxe4 Ke6
34. Nf4+ Kd7 35. d5 Be7 36. Bb2 b5 37. Bd4 a5 38. Ne6 Bd8 39. Nf8+ Ke8 40. Nxh7
Bb6 41. g4 b4 42. f4 Bxd4 43. Kxd4 Nb6 44. Nf6+ Ke7 45. Ne4 a4 46. h5 gxh5 47.
gxh5 b3 48. a3 b2 49. Nc3 Kf7 50. f5 Kf6 51. h6 Kf7 52. Nb1 Kf6 53. Nd2 Kf7 54.
Nb1 Kf6 55. Ke4 Kf7 56. Nc3 Nc4 57. Nb1 Nb6 58. Kd4 1/2-1/2

[Event "37. International Bosna 2007 - GMB"]
[Site "Sarajevo BIH"]
[Date "2007.05.21"]
[Round "3.3"]
[White "Atalik, Suat"]
[Black "Stojanovic, Dalibor"]
[Result "1/2-1/2"]
[WhiteElo "2584"]
[BlackElo "2473"]
[PlyCount "109"]
[EventDate "2007.05.19"]
[EventType "tourn"]
[EventRounds "9"]
[EventCountry "BIH"]
[EventCategory "9"]
[Source "lmi"]
[SourceDate "2007.05.18"]

1. d4 Nf6 2. c4 e6 3. Nf3 Bb4+ 4. Bd2 Bxd2+ 5. Qxd2 d5 6. g3 O-O 7. Bg2 c6 8.
O-O Nbd7 9. Rc1 b6 10. Ne5 Bb7 11. cxd5 cxd5 12. Nc6 Bxc6 13. Rxc6 Rc8 14. Rxc8
Qxc8 15. Nc3 Qb8 16. e3 Rc8 17. Rc1 Ne8 18. b3 Nd6 19. f3 f5 20. Bf1 b5 21.
Nxb5 Rxc1 22. Qxc1 Nxb5 23. Qc6 Nxd4 24. exd4 Nf8 25. Qc5 h5 26. f4 h4 27. Kg2
hxg3 28. hxg3 g5 29. fxg5 Qd8 30. Qc1 Nh7 31. g4 fxg4 32. g6 Nf8 33. Qf4 Nxg6
34. Qxg4 Kf7 35. Bd3 Nf8 36. b4 Qc7 37. Qh5+ Ke7 38. Qh6 Kf7 39. Qd2 Ke8 40. a4
Qg7+ 41. Kf3 Nd7 42. Bb5 Kd8 43. Bxd7 Kxd7 44. Qf4 Qh7 45. b5 Qd3+ 46. Kg4 Qd1+
47. Kg5 Qxa4 48. Qf7+ Kd8 49. Qf8+ Kd7 50. Qc5 Qa5 51. Qc6+ Ke7 52. Qb7+ Kd6
53. Qc6+ Ke7 54. Qb7+ Kd6 55. Qc6+ 1/2-1/2

[Event "37. International Bosna 2007 - GMB"]
[Site "Sarajevo BIH"]
[Date "2007.05.21"]
[Round "3.4"]
[White "Trkulja, Goran"]
[Black "Vukic, Milan"]
[Result "1/2-1/2"]
[WhiteElo "2317"]
[BlackElo "2505"]
[PlyCount "48"]
[EventDate "2007.05.19"]
[EventType "tourn"]
[EventRounds "9"]
[EventCountry "BIH"]
[EventCategory "9"]
[Source "lmi"]
[SourceDate "2007.05.18"]

1. d4 Nf6 2. c4 d6 3. Nc3 Nbd7 4. Nf3 c6 5. e4 e5 6. Be2 Be7 7. O-O O-O 8. Be3
a6 9. d5 c5 10. Rb1 Ne8 11. b4 b6 12. bxc5 bxc5 13. Qd2 g6 14. Bh6 Ng7 15. Ne1
Kh8 16. Nd3 Qc7 17. f4 exf4 18. Bxf4 f6 19. Bh6 Ne5 20. Nxe5 fxe5 21. Rxf8+
Bxf8 22. Rf1 Qd8 23. h4 Kg8 24. h5 Ra7 1/2-1/2

[Event "37. International Bosna 2007 - GMB"]
[Site "Sarajevo BIH"]
[Date "2007.05.21"]
[Round "3.5"]
[White "Zugic, Igor"]
[Black "Runic, Zoran"]
[Result "0-1"]
[WhiteElo "2481"]
[BlackElo "2414"]
[PlyCount "102"]
[EventDate "2007.05.19"]
[EventType "tourn"]
[EventRounds "9"]
[EventCountry "BIH"]
[EventCategory "9"]
[Source "lmi"]
[SourceDate "2007.05.18"]

1. d4 Nf6 2. c4 c5 3. d5 e6 4. Nc3 exd5 5. cxd5 Bd6 6. Nf3 O-O 7. g3 a6 8. Bg2
Re8 9. a4 Qe7 10. Nh4 Be5 11. e3 d6 12. O-O g6 13. Re1 Nh5 14. Bd2 Bf6 15. Nf3
Bg7 16. e4 Bg4 17. h3 Bxf3 18. Bxf3 Nf6 19. Bg2 Qc7 20. f4 Nbd7 21. Kh2 Rab8
22. a5 b5 23. axb6 Rxb6 24. Na4 Rbb8 25. Bc3 Nh5 26. Qd3 Bxc3 27. bxc3 Rb5 28.
Qc4 Nhf6 29. Re2 Kg7 30. Rae1 h5 31. Qd3 Qb8 32. Qd2 Ra5 33. Qc2 Qb5 34. Nb2
Ra2 35. c4 Qb4 36. Qc1 Qa3 37. e5 dxe5 38. fxe5 Rxe5 39. Rxe5 Nxe5 40. Rxe5
Rxb2 41. Re2 Rb3 42. Qf4 Qa5 43. Re7 Rb2 44. Kg1 Rd2 45. Qe5 Qa2 46. Bf1 Qb3
47. Ra7 Qf3 48. Qf4 Qc3 49. Rxa6 Ne4 50. Bg2 Qd4+ 51. Kh2 Rf2 0-1

[Event "37. International Bosna 2007 - GMB"]
[Site "Sarajevo BIH"]
[Date "2007.05.22"]
[Round "4.1"]
[White "Tomic, Bosko"]
[Black "Runic, Zoran"]
[Result "0-1"]
[WhiteElo "2393"]
[BlackElo "2414"]
[PlyCount "86"]
[EventDate "2007.05.19"]
[EventType "tourn"]
[EventRounds "9"]
[EventCountry "BIH"]
[EventCategory "9"]
[Source "lmi"]
[SourceDate "2007.05.18"]

1. e4 c5 2. Nf3 Nc6 3. Bb5 g6 4. O-O Bg7 5. Nc3 Nd4 6. Bc4 d6 7. Nxd4 cxd4 8.
Qf3 e6 9. Ne2 Ne7 10. c3 dxc3 11. dxc3 O-O 12. Bg5 Qc7 13. Bb3 Nc6 14. Qe3 b6
15. Nd4 Ne5 16. h3 Bb7 17. Rad1 Nc4 18. Bxc4 Qxc4 19. b3 Qc5 20. c4 a6 21. Nc2
Qc7 22. Qd3 b5 23. Qxd6 Qxd6 24. Rxd6 bxc4 25. bxc4 Bxe4 26. Ne3 Be5 27. Rd2
Bc3 28. Rd7 h5 29. Rc1 Bb2 30. Rcd1 Rfc8 31. Be7 a5 32. c5 Ba3 33. Nc4 Bxc5 34.
Nd6 Bxd6 35. R1xd6 Rc1+ 36. Kh2 Kg7 37. Bg5 Rc2 38. Be3 g5 39. Rd2 Rxd2 40.
Bxd2 Bd5 41. a3 Kg6 42. Be3 h4 43. Ra7 Rc8 0-1

[Event "37. International Bosna 2007 - GMB"]
[Site "Sarajevo BIH"]
[Date "2007.05.22"]
[Round "4.2"]
[White "Vukic, Milan"]
[Black "Zugic, Igor"]
[Result "0-1"]
[WhiteElo "2505"]
[BlackElo "2481"]
[PlyCount "91"]
[EventDate "2007.05.19"]
[EventType "tourn"]
[EventRounds "9"]
[EventCountry "BIH"]
[EventCategory "9"]
[Source "lmi"]
[SourceDate "2007.05.18"]

1. Nf3 d5 2. g3 c5 3. Bg2 Nc6 4. c4 d4 5. d3 e5 6. O-O Nge7 7. e3 Ng6 8. exd4
exd4 9. a3 a5 10. Nbd2 Be7 11. Ne1 h5 12. f4 h4 13. f5 Nge5 14. Qe2 Kf8 15. Ne4
f6 16. Nf3 Nxf3+ 17. Rxf3 hxg3 18. hxg3 Bd7 19. g4 Ne5 20. Rg3 Nf7 21. Bf4 Bc6
22. Rf1 Rc8 23. Rff3 Qb6 24. Rh3 Rg8 25. Rf2 Re8 26. Qf1 Bd8 27. Re2 Be7 28.
Qf2 Qd8 29. Qe1 g5 30. fxg6 Rxg6 31. Nf2 Bxg2 32. Kxg2 Qd7 33. Kf1 b6 34. Re4
Bd8 35. Qe2 Rxe4 36. Qxe4 Kg7 37. Rh5 Qe7 38. Qxe7 Bxe7 39. Rd5 Bd8 40. Ke2 Kf8
41. Kf3 Ke7 42. Ne4 Ke6 43. Nd6 Nxd6 44. Rxd6+ Ke7 45. a4 Rg8 46. Rd5 0-1

[Event "37. International Bosna 2007 - GMB"]
[Site "Sarajevo BIH"]
[Date "2007.05.22"]
[Round "4.3"]
[White "Stojanovic, Dalibor"]
[Black "Trkulja, Goran"]
[Result "1-0"]
[WhiteElo "2473"]
[BlackElo "2317"]
[PlyCount "48"]
[EventDate "2007.05.19"]
[EventType "tourn"]
[EventRounds "9"]
[EventCountry "BIH"]
[EventCategory "9"]
[Source "lmi"]
[SourceDate "2007.05.18"]

1. e4 e5 2. Nf3 Nf6 3. Nxe5 d6 4. Nf3 Nxe4 5. Nc3 Nxc3 6. dxc3 Be7 7. Bf4 O-O
8. Qd2 Nd7 9. O-O-O Nc5 10. Be3 Ne6 11. h4 Bd7 12. Bd3 f5 13. Bc4 c6 14. Ng5
Qc8 15. Qe2 d5 16. Bd3 Nc5 17. Qh5 h6 18. Qg6 Nxd3+ 19. cxd3 hxg5 20. hxg5 Be8
21. Qh7+ Kf7 22. g6+ Ke6 23. Rde1 Kd7 24. Qxg7 Kd8 1-0

[Event "37. International Bosna 2007 - GMB"]
[Site "Sarajevo BIH"]
[Date "2007.05.22"]
[Round "4.4"]
[White "Jakovljevic, Vlado"]
[Black "Atalik, Suat"]
[Result "0-1"]
[WhiteElo "2419"]
[BlackElo "2584"]
[PlyCount "86"]
[EventDate "2007.05.19"]
[EventType "tourn"]
[EventRounds "9"]
[EventCountry "BIH"]
[EventCategory "9"]
[Source "lmi"]
[SourceDate "2007.05.18"]

1. Nf3 d5 2. d4 Nf6 3. c4 e6 4. Nc3 Bb4 5. cxd5 exd5 6. Bg5 Nbd7 7. Qc2 h6 8.
Bxf6 Qxf6 9. a3 Bxc3+ 10. Qxc3 c6 11. e3 Nb6 12. Bd3 Bf5 13. Bxf5 Qxf5 14. Qb4
f6 15. a4 Qd3 16. a5 Qc4 17. Qd6 Nc8 18. Qe6+ Ne7 19. Nh4 Kf8 20. f3 Rd8 21.
Kf2 Qb4 22. Rhe1 Rd6 23. Qg4 Qxb2+ 24. Kg1 Kf7 25. Reb1 Qc3 26. Rxb7 Qxa1+ 27.
Kf2 Qa2+ 28. Kg3 h5 29. Qg6+ Ke6 30. Rxe7+ Kxe7 31. Qxg7+ Kd8 32. Qxh8+ Kc7 33.
Nf5 Rd7 34. Qxf6 Qxa5 35. Qe5+ Kb7 36. Kh3 Qc7 37. Qf6 a5 38. e4 dxe4 39. fxe4
Qf4 40. g3 Qg4+ 41. Kg2 Qxe4+ 42. Kh3 Kc7 43. Ng7 Qg4+ 0-1

[Event "37. International Bosna 2007 - GMB"]
[Site "Sarajevo BIH"]
[Date "2007.05.22"]
[Round "4.5"]
[White "Ljubicic, Filip"]
[Black "Drasko, Milan"]
[Result "1/2-1/2"]
[WhiteElo "2396"]
[BlackElo "2543"]
[PlyCount "81"]
[EventDate "2007.05.19"]
[EventType "tourn"]
[EventRounds "9"]
[EventCountry "BIH"]
[EventCategory "9"]
[Source "lmi"]
[SourceDate "2007.05.18"]

1. e4 e6 2. d4 d5 3. Nc3 Bb4 4. e5 Ne7 5. a3 Bxc3+ 6. bxc3 c5 7. Qg4 O-O 8. Bd3
f5 9. exf6 Rxf6 10. Bg5 Rf7 11. Qh4 h6 12. Bxe7 Qxe7 13. Qxe7 Rxe7 14. f4 b6
15. Nf3 Ba6 16. Bg6 Nd7 17. Kd2 Rf8 18. g3 Rf6 19. Bh5 g6 20. Bg4 Rf8 21. Rae1
Rfe8 22. Ne5 Nxe5 23. Rxe5 Bb5 24. Rhe1 Kf7 25. Bh3 h5 26. Bg2 Rd7 27. Bf3 Rd6
28. h3 Bd7 29. Be2 Kf6 30. Bd3 c4 31. Be2 b5 32. Bf3 Rh8 33. Kc1 Rh7 34. Rg1
Rh8 35. h4 Be8 36. Kd2 Bf7 37. Bg2 Ra6 38. Ra1 Rb8 39. Ree1 Ra5 40. Bh3 Rb6 41.
Kc1 1/2-1/2

[Event "37. International Bosna 2007 - GMB"]
[Site "Sarajevo BIH"]
[Date "2007.05.23"]
[Round "5.1"]
[White "Drasko, Milan"]
[Black "Tomic, Bosko"]
[Result "1-0"]
[WhiteElo "2543"]
[BlackElo "2393"]
[PlyCount "81"]
[EventDate "2007.05.19"]
[EventType "tourn"]
[EventRounds "9"]
[EventCountry "BIH"]
[EventCategory "9"]
[Source "lmi"]
[SourceDate "2007.05.18"]

1. d4 Nf6 2. c4 g6 3. Nf3 Bg7 4. g3 O-O 5. Bg2 d6 6. O-O Nc6 7. Nc3 Bf5 8. d5
Na5 9. Nd4 Bd7 10. b3 c5 11. dxc6 Nxc6 12. Nc2 Qa5 13. Bd2 Rfc8 14. h3 a6 15.
Na4 Qh5 16. e3 Qxd1 17. Raxd1 Bf5 18. Nd4 Nxd4 19. exd4 Rab8 20. Nb6 Re8 21.
Rfe1 Nd7 22. Nd5 e6 23. Ne3 e5 24. Nxf5 gxf5 25. dxe5 dxe5 26. Bb4 Bf8 27. Bc3
Re7 28. h4 b5 29. Bc6 b4 30. Bb2 Nc5 31. Rxe5 Rxe5 32. Bxe5 Rc8 33. Bf3 Bg7 34.
Bd6 Bf8 35. Bf4 Ne6 36. Bc1 a5 37. Rd5 a4 38. Rxf5 axb3 39. axb3 Nd4 40. Rg5+
Bg7 41. Rxg7+ 1-0

[Event "37. International Bosna 2007 - GMB"]
[Site "Sarajevo BIH"]
[Date "2007.05.23"]
[Round "5.2"]
[White "Atalik, Suat"]
[Black "Ljubicic, Filip"]
[Result "1-0"]
[WhiteElo "2584"]
[BlackElo "2396"]
[PlyCount "125"]
[EventDate "2007.05.19"]
[EventType "tourn"]
[EventRounds "9"]
[EventCountry "BIH"]
[EventCategory "9"]
[Source "lmi"]
[SourceDate "2007.05.18"]

1. d4 Nf6 2. c4 e6 3. Nf3 c5 4. d5 exd5 5. cxd5 d6 6. Nc3 g6 7. g3 Bg7 8. Bg2
O-O 9. O-O a6 10. a4 Re8 11. Bf4 Nh5 12. Bg5 Qb6 13. Qc1 Nd7 14. a5 Qc7 15. Bh6
b5 16. axb6 Nxb6 17. Bxg7 Kxg7 18. e4 Nf6 19. Re1 Rb8 20. Bf1 Nbd7 21. Bxa6
Bxa6 22. Rxa6 Rb4 23. Qf4 Ne5 24. Nxe5 Rxe5 25. Rea1 Rxb2 26. Qc1 Rb4 27. f3
Rb6 28. Ra7 Qc8 29. Rb1 Qb8 30. Rxb6 Qxb6 31. Qa1 c4+ 32. Kg2 Qd4 33. Ra2 Re7
34. Nd1 Qxa1 35. Rxa1 Rc7 36. Rc1 Nd7 37. Ne3 Nb6 38. Rc2 Rc5 39. g4 Kf6 40. f4
g5 41. Kf3 gxf4 42. Kxf4 c3 43. h4 Ke7 44. g5 Na4 45. Ra2 Nb2 46. Ra7+ Ke8 47.
Ra8+ Kd7 48. Nc2 Nd3+ 49. Ke3 Ne5 50. Rh8 Ke7 51. Rxh7 Rc8 52. h5 Rg8 53. Kf4
Kf8 54. Nd4 Rg7 55. Rh8+ Rg8 56. Rxg8+ Kxg8 57. Ke3 Ng4+ 58. Ke2 Ne5 59. Nf5
Nf3 60. Kd3 Nxg5 61. Nxd6 Kg7 62. Nf5+ Kf6 63. d6 1-0

[Event "37. International Bosna 2007 - GMB"]
[Site "Sarajevo BIH"]
[Date "2007.05.23"]
[Round "5.3"]
[White "Trkulja, Goran"]
[Black "Jakovljevic, Vlado"]
[Result "0-1"]
[WhiteElo "2317"]
[BlackElo "2419"]
[PlyCount "104"]
[EventDate "2007.05.19"]
[EventType "tourn"]
[EventRounds "9"]
[EventCountry "BIH"]
[EventCategory "9"]
[Source "lmi"]
[SourceDate "2007.05.18"]

1. e4 c5 2. Nf3 d6 3. d4 cxd4 4. Nxd4 Nf6 5. Nc3 a6 6. f4 e6 7. Bd3 b5 8. a3
Bb7 9. Nf3 Nbd7 10. O-O Be7 11. b4 Rc8 12. Qe1 e5 13. Bb2 O-O 14. Nd5 Nxd5 15.
exd5 exf4 16. Qe4 g6 17. Qxf4 Bf6 18. Qh6 Ne5 19. Nxe5 dxe5 20. Rae1 Bg7 21.
Qh3 Qd6 22. Qg3 Rfe8 23. Rd1 f5 24. Rf2 Red8 25. Bf1 e4 26. Qxd6 Rxd6 27. Bxg7
Kxg7 28. a4 Rxd5 29. Rxd5 Bxd5 30. axb5 axb5 31. Bxb5 e3 32. Re2 Rc3 33. Bd3 f4
34. Re1 g5 35. b5 h6 36. b6 Kf6 37. Ra1 Rc8 38. c4 Bc6 39. Be2 Ke5 40. Rc1 Kd6
41. c5+ Ke7 42. Bf3 Bxf3 43. gxf3 Kd7 44. b7 Re8 45. c6+ Kc7 46. Kf1 g4 47.
fxg4 f3 48. h4 Rg8 49. Rb1 Rb8 50. Rc1 Rg8 51. Ra1 Re8 52. Rb1 Rb8 0-1

[Event "37. International Bosna 2007 - GMB"]
[Site "Sarajevo BIH"]
[Date "2007.05.23"]
[Round "5.5"]
[White "Runic, Zoran"]
[Black "Vukic, Milan"]
[Result "1/2-1/2"]
[WhiteElo "2414"]
[BlackElo "2505"]
[PlyCount "112"]
[EventDate "2007.05.19"]
[EventType "tourn"]
[EventRounds "9"]
[EventCountry "BIH"]
[EventCategory "9"]
[Source "lmi"]
[SourceDate "2007.05.18"]

1. e4 c5 2. Nf3 e6 3. c3 d5 4. e5 Nc6 5. d4 Qb6 6. a3 a5 7. Bd3 Bd7 8. Bc2 Nh6
9. O-O Rc8 10. dxc5 Bxc5 11. h3 Qc7 12. Re1 Ng8 13. Nbd2 Nge7 14. Nb3 Bb6 15.
Be3 Ng6 16. Bxb6 Qxb6 17. a4 O-O 18. Rb1 f6 19. Bxg6 hxg6 20. Nbd4 Nxe5 21.
Nxe5 fxe5 22. Rxe5 Rc4 23. Qe1 Rxa4 24. Nxe6 Bxe6 25. Rxe6 Qa7 26. Rxg6 Raf4
27. Qe3 Qxe3 28. fxe3 Rf2 29. Rb6 Re2 30. Rf1 Rxe3 31. Rxb7 Re2 32. Rxf8+ Kxf8
33. Kh2 a4 34. Rb4 Rc2 35. Rxa4 Rxb2 36. Rd4 Rb3 37. Rd3 Kg8 38. Rf3 Rb2 39.
Re3 Rd2 40. Re8+ Kf7 41. Rc8 d4 42. c4 d3 43. Kg3 Rc2 44. Kf3 d2 45. Ke2 d1=Q+
46. Kxd1 Rxg2 47. Rh8 Ke6 48. Ke1 Ke5 49. Kf1 Rc2 50. Rg8 Rxc4 51. Rxg7 Kd6 52.
Rf7 Ke6 53. Rf8 Rc2 54. Kg1 Ke7 55. Rf4 Rd2 56. h4 Rb2 1/2-1/2